[Event "4NCL Division 2b"]
[Site "Reading, ENG"]
[Date "2016.11.19"]
[Round "1.51"]
[White "Carleton, John J"]
[Black "Hand, Freddie"]
[Result "1-0"]
[WhiteElo "2277"]
[BlackElo "2103"]
[PlyCount "63"]
[EventDate "2016.11.19"]
[WhiteTeam "Spirit of Atticus A"]
[BlackTeam "KJCA Kings"]

1. d4 d5 2. c4 c6 3. Nc3 Nf6 4. cxd5 cxd5 5. Bf4 Qb6 6. e3 Qxb2 7. Bb5+ Nc6 8.
Nge2 Bf5 9. O-O Rc8 10. Qa4 a6 11. Bxc6+ Rxc6 12. Rab1 Bxb1 13. Rxb1 b5 14.
Rxb2 bxa4 15. Rb8+ Kd7 16. Nxa4 g5 17. Bxg5 Bg7 18. Rb7+ Ke6 19. g4 Nxg4 20.
Bxe7 Bh6 21. Nc5+ Kf5 22. h3 Nf6 23. Bxf6 Rxf6 24. Ng3+ Kg6 25. Nd7 Re6 26.
Ne5+ Rxe5 27. dxe5 Bg7 28. f4 Rc8 29. h4 Rc1+ 30. Kg2 Rc2+ 31. Kf3 Bf8 32. f5+
1-0

[Event "4NCL Division 2b"]
[Site "Reading, ENG"]
[Date "2016.11.19"]
[Round "1.52"]
[White "Lunn, Matthew"]
[Black "Mitchell, Martin"]
[Result "1/2-1/2"]
[WhiteElo "2065"]
[BlackElo "2186"]
[PlyCount "33"]
[EventDate "2016.11.19"]
[WhiteTeam "KJCA Kings"]
[BlackTeam "Spirit of Atticus A"]

1. d4 Nf6 2. c4 e6 3. Nc3 Bb4 4. Qc2 c5 5. dxc5 Nc6 6. Nf3 Bxc5 7. Bg5 Qa5 8.
Bxf6 gxf6 9. e3 Bb4 10. Be2 Bxc3+ 11. Qxc3 Qxc3+ 12. bxc3 d6 13. O-O-O Ke7 14.
Rd2 Rd8 15. Rhd1 b6 16. Nd4 Nxd4 17. cxd4 1/2-1/2

[Event "4NCL Division 2b"]
[Site "Reading, ENG"]
[Date "2016.11.19"]
[Round "1.53"]
[White "Ivell, Nicholas W"]
[Black "Selway, Richard P"]
[Result "1/2-1/2"]
[WhiteElo "2204"]
[BlackElo "2022"]
[PlyCount "52"]
[EventDate "2016.11.19"]
[WhiteTeam "Spirit of Atticus A"]
[BlackTeam "KJCA Kings"]

1. e4 c5 2. Nc3 Nc6 3. g3 g6 4. Bg2 Bg7 5. d3 d6 6. f4 e6 7. Nf3 Nge7 8. O-O
O-O 9. Be3 b6 10. d4 d5 11. e5 Nf5 12. Bf2 Ncxd4 13. Nxd4 Nxd4 14. Bxd4 cxd4
15. Qxd4 Ba6 16. Rfe1 Qc7 17. Kh1 Qc5 18. Qa4 Qc4 19. Qxc4 Bxc4 20. Ne2 Rac8
21. Nd4 h5 22. Bf3 Rc7 23. a4 a5 24. Kg2 Rfc8 25. h3 Bh6 26. c3 Kf8 1/2-1/2

[Event "4NCL Division 2b"]
[Site "Reading, ENG"]
[Date "2016.11.19"]
[Round "1.54"]
[White "Bansal, Rohan"]
[Black "Latham, David"]
[Result "1/2-1/2"]
[WhiteElo "1969"]
[BlackElo "2117"]
[PlyCount "32"]
[EventDate "2016.11.19"]
[WhiteTeam "KJCA Kings"]
[BlackTeam "Spirit of Atticus A"]

1. d4 d5 2. c4 e6 3. Nc3 Nf6 4. Bg5 Be7 5. e3 b6 6. Nf3 O-O 7. Rc1 Bb7 8. cxd5
exd5 9. Qc2 Nbd7 10. Bd3 c5 11. Bf4 c4 12. Be2 Bb4 13. O-O Bxc3 14. Qxc3 Ne4
15. Qc2 Re8 16. Nd2 Nf8 1/2-1/2

[Event "4NCL Division 2b"]
[Site "Reading, ENG"]
[Date "2016.11.19"]
[Round "1.55"]
[White "Jackson, Sheila"]
[Black "Haridas, Girinath"]
[Result "1/2-1/2"]
[WhiteElo "2152"]
[BlackElo "1978"]
[PlyCount "46"]
[EventDate "2016.11.19"]
[WhiteTeam "Spirit of Atticus A"]
[BlackTeam "KJCA Kings"]

1. e4 c5 2. Nf3 d6 3. d4 cxd4 4. Nxd4 Nf6 5. Nc3 g6 6. Be3 a6 7. f3 b5 8. Qd2
Bb7 9. a3 Nbd7 10. O-O-O h5 11. h4 Rc8 12. Kb1 Ne5 13. Bg5 Bg7 14. Qe1 Qb6 15.
Be3 Qc7 16. Qf2 Nc4 17. Bxc4 Qxc4 18. Rd3 Qc7 19. Rhd1 O-O 20. Bg5 Qb6 21. Be3
Qc7 22. Bg5 Qb6 23. Be3 Qc7 1/2-1/2

[Event "4NCL Division 2b"]
[Site "Reading, ENG"]
[Date "2016.11.19"]
[Round "1.56"]
[White "Verma, Aditya"]
[Black "Bimpson, Tom"]
[Result "1-0"]
[WhiteElo "1909"]
[BlackElo "2087"]
[PlyCount "89"]
[EventDate "2016.11.19"]
[WhiteTeam "KJCA Kings"]
[BlackTeam "Spirit of Atticus A"]

1. e4 d6 2. d4 Nf6 3. Nc3 Nbd7 4. Nf3 e5 5. Bc4 Be7 6. O-O h6 7. Re1 c6 8. a4
a5 9. h3 g5 10. dxe5 dxe5 11. g4 Qc7 12. Qe2 Nf8 13. Nh2 Ng6 14. Nf1 Nf4 15.
Bxf4 gxf4 16. Rad1 Rg8 17. Kh1 h5 18. f3 hxg4 19. hxg4 Rg7 20. Nh2 Bd7 21. Rg1
O-O-O 22. Rg2 Rh8 23. Nb1 Rgh7 24. Nd2 Rh3 25. Bxf7 Kb8 26. Bg6 Rg3 27. Ndf1
Nxg4 28. Nxg3 fxg3 29. fxg4 gxh2 30. Rxh2 Rxh2+ 31. Kxh2 Bg5 32. Kg2 c5 33. b3
Bc6 34. Qd3 Be7 35. Qc4 Ka7 36. Bf5 Kb6 37. Qe6 Bg5 38. Qd6 Qg7 39. Qg6 Qe7 40.
Bd7 Bf4 41. Bxc6 bxc6 42. Rd6 Qc7 43. Qe6 Qb7 44. Qd7 Qxd7 45. Rxd7 1-0

[Event "4NCL Division 2b"]
[Site "Reading, ENG"]
[Date "2016.11.19"]
[Round "1.57"]
[White "Hall, John"]
[Black "Selway, Alexander M"]
[Result "1-0"]
[WhiteElo "2074"]
[BlackElo "1825"]
[PlyCount "195"]
[EventDate "2016.11.19"]
[WhiteTeam "Spirit of Atticus A"]
[BlackTeam "KJCA Kings"]

1. e4 Nc6 2. c4 e5 3. Ne2 Bc5 4. d3 Nf6 5. h3 d6 6. Nbc3 O-O 7. g3 Nd4 8. Bg2
h6 9. Nxd4 Bxd4 10. Ne2 Bb6 11. O-O Nh7 12. Kh2 f5 13. f4 c6 14. Qe1 Be6 15. b3
fxe4 16. dxe4 Qe8 17. Bd2 Qh5 18. f5 Bd7 19. g4 Qf7 20. Qg3 Qe7 21. Rae1 Be8
22. Ng1 Bf7 23. h4 d5 24. g5 hxg5 25. hxg5 dxc4 26. g6 cxb3 27. gxf7+ Qxf7 28.
Qxb3 Qxb3 29. axb3 Rad8 30. Rd1 Rd3 31. Rf3 Rd4 32. Ne2 Rxe4 33. Re1 Rh4+ 34.
Rh3 Rxh3+ 35. Bxh3 Rd8 36. Bc1 Rd3 37. Kg2 Nf6 38. Ng3 Bd4 39. Ne4 Rxb3 40.
Nxf6+ gxf6 41. Bg4 b5 42. Bf3 Rc3 43. Bd2 Rc2 44. Re2 c5 45. Ba5 Rxe2+ 46. Bxe2
a6 47. Kf3 Kf8 48. Bd8 Ke8 49. Ba5 Kd7 50. Ke4 Kd6 51. Bd8 c4 52. Bxf6 c3 53.
Bd1 a5 54. Bg5 a4 55. Bc1 Bc5 56. Kd3 Bb4 57. Bh6 Ke7 58. Bg7 e4+ 59. Kxe4 a3
60. Bb3 Ke8 61. Kd3 Bf8 62. Bxc3 b4 63. Bd4 Kd7 64. Ke4 Kd6 65. f6 Kc6 66. Kf5
Kb5 67. Ke6 a2 68. Bxa2 Ka4 69. Kf7 Bd6 70. Ke8 b3 71. Bb1 Kb4 72. f7 Kc4 73.
Be5 Bc5 74. f8=Q Bxf8 75. Kxf8 Kb4 76. Ke7 Ka3 77. Kd6 Kb4 78. Bb2 Kc4 79. Ke5
Kc5 80. Bd3 Kb4 81. Kd4 Ka5 82. Kc3 Kb6 83. Kxb3 Kc6 84. Kc4 Kd6 85. Bd4 Ke6
86. Be4 Kd6 87. Bd5 Kd7 88. Be5 Ke7 89. Kc5 Kd7 90. Bd6 Kd8 91. Bc6 Kc8 92. Be7
Kc7 93. Bf6 Kc8 94. Kb6 Kb8 95. Bd7 Ka8 96. Bf5 Kb8 97. Be5+ Ka8 98. Be4# 1-0

[Event "4NCL Division 2b"]
[Site "Reading, ENG"]
[Date "2016.11.19"]
[Round "1.58"]
[White "Mao, Ximan"]
[Black "Johnson, Michael D"]
[Result "1/2-1/2"]
[WhiteElo "1767"]
[BlackElo "1980"]
[PlyCount "103"]
[EventDate "2016.11.19"]
[WhiteTeam "KJCA Kings"]
[BlackTeam "Spirit of Atticus A"]

1. d4 Nf6 2. c4 e6 3. Nc3 Bb4 4. e3 Bxc3+ 5. bxc3 d6 6. Nf3 c5 7. Qc2 Nc6 8.
Be2 O-O 9. O-O e5 10. d5 Na5 11. e4 Bg4 12. Qd3 Nd7 13. Nd2 Bxe2 14. Qxe2 Nb6
15. f4 exf4 16. Rxf4 Qd7 17. Rh4 g6 18. Qf1 f6 19. Rf4 Qe7 20. a4 Rae8 21. h4
Qe5 22. Ra3 Qe7 23. h5 Rf7 24. Rf3 Ref8 25. Ra2 Nd7 26. Rg3 Ne5 27. Nf3 Nxf3+
28. gxf3 g5 29. h6 Kh8 30. Rag2 Rg8 31. Qe2 Qf8 32. f4 Qxh6 33. fxg5 Qg6 34.
Bf4 fxg5 35. Rxg5 Rxf4 36. Rxg6 hxg6 37. Qe3 Rh4 38. Qg3 Rxe4 39. Qh3+ Kg7 40.
Qd7+ Kh6 41. Qxd6 Nxc4 42. Qh2+ Kg7 43. Qg3 Ne5 44. c4 Rf8 45. Qc3 Re1+ 46. Kh2
Rh8+ 47. Kg3 Re4 48. Rb2 Rg4+ 49. Kf2 Rh2+ 50. Kf1 Rh1+ 51. Kf2 Rh2+ 52. Kf1
1/2-1/2

[Event "4NCL Division 2b"]
[Site "Reading, ENG"]
[Date "2016.11.19"]
[Round "1.61"]
[White "Arnott, Jonathan W"]
[Black "Bisby, Daniel L"]
[Result "0-1"]
[WhiteElo "2134"]
[BlackElo "2311"]
[PlyCount "68"]
[EventDate "2016.11.19"]
[WhiteTeam "White Rose 2"]
[BlackTeam "Cambridge University 1"]

1. e4 c5 2. Nf3 Nc6 3. Bb5 g6 4. Bxc6 dxc6 5. h3 Bg7 6. d3 Nf6 7. Nc3 O-O 8.
Be3 b6 9. Qd2 Re8 10. Bh6 e5 11. Nh2 Bxh6 12. Qxh6 Qe7 13. O-O Nh5 14. Ne2 c4
15. dxc4 Be6 16. b3 Rad8 17. Nf3 f6 18. Ne1 b5 19. cxb5 cxb5 20. a4 b4 21. g4
Ng7 22. Qe3 Qc7 23. Rc1 f5 24. c3 fxg4 25. cxb4 Qf7 26. hxg4 Bxg4 27. f3 Be6
28. Rc3 Nh5 29. Ng2 Bh3 30. f4 Bxg2 31. Kxg2 exf4 32. Nxf4 Rf8 33. Qc1 Nxf4+
34. Kh1 g5 0-1

[Event "4NCL Division 2b"]
[Site "Reading, ENG"]
[Date "2016.11.19"]
[Round "1.62"]
[White "Chan, Nevil"]
[Black "Shaw, Peter"]
[Result "1/2-1/2"]
[WhiteElo "2031"]
[BlackElo "2119"]
[PlyCount "138"]
[EventDate "2016.11.19"]
[WhiteTeam "Cambridge University 1"]
[BlackTeam "White Rose 2"]

1. d4 d5 2. Nc3 Nf6 3. Bg5 e6 4. Nf3 Be7 5. e3 c5 6. Bd3 Nc6 7. O-O O-O 8. Ne5
cxd4 9. Nxc6 bxc6 10. exd4 c5 11. dxc5 Bxc5 12. Qf3 Rb8 13. Rad1 Be7 14. b3 Qa5
15. a4 Bb7 16. Nb5 a6 17. Nd4 Rfe8 18. Qh3 h6 19. Bf4 Rbc8 20. Nf3 Qb4 21. Be5
Qg4 22. Qxg4 Nxg4 23. Bb2 Bb4 24. Ne5 Nxe5 25. Bxe5 f6 26. Bb2 e5 27. c4 d4 28.
f3 Rb8 29. Bg6 Re7 30. Rd3 Bc6 31. Be4 Bxe4 32. fxe4 Bc3 33. Bxc3 Rxb3 34. Rff3
Rxc3 35. Rxc3 dxc3 36. Rxc3 Rc7 37. Kf2 Kf7 38. Ke3 Ke6 39. Rb3 Kd6 40. Kd3 Kc5
41. Rb8 Rd7+ 42. Kc3 Rd4 43. Rc8+ Kb6 44. Rg8 Rxe4 45. Rxg7 Re3+ 46. Kd2 Ra3
47. Rg6 Rxa4 48. Rxf6+ Kc5 49. Rxh6 Kd4 50. Rg6 Ra2+ 51. Kd1 Kxc4 52. h4 e4 53.
h5 Kd3 54. Rd6+ Ke3 55. h6 Rxg2 56. Rxa6 Rg1+ 57. Kc2 Rh1 58. Rf6 Ke2 59. Rf4
e3 60. Rf6 Rh3 61. Kc1 Ke1 62. Kc2 e2 63. Kc1 Rh5 64. Kc2 Rc5+ 65. Kb2 Rc7 66.
Kb1 Rb7+ 67. Kc2 Rc7+ 68. Kb2 Re7 69. Kc2 Rc7+ 1/2-1/2

[Event "4NCL Division 2b"]
[Site "Reading, ENG"]
[Date "2016.11.19"]
[Round "1.63"]
[White "Burnett, Jim"]
[Black "Beckett, Chris J"]
[Result "1/2-1/2"]
[WhiteElo "2099"]
[BlackElo "2169"]
[PlyCount "96"]
[EventDate "2016.11.19"]
[WhiteTeam "White Rose 2"]
[BlackTeam "Cambridge University 1"]

1. d4 Nf6 2. c4 d6 3. Nf3 g6 4. g3 Bg7 5. Bg2 O-O 6. Nc3 Nbd7 7. O-O e5 8. e4
a6 9. Qc2 c6 10. Rd1 Qc7 11. h3 b5 12. c5 dxc5 13. dxe5 Nxe5 14. Nxe5 Qxe5 15.
Bf4 Qe6 16. Bd6 Bb7 17. Bxf8 Bxf8 18. b3 Re8 19. Re1 Nd7 20. Rad1 Nb6 21. e5
Nd5 22. Ne4 Nb4 23. Qd2 Rb8 24. Ng5 Qe7 25. h4 Nd5 26. f4 c4 27. bxc4 Qc5+ 28.
Kh2 Qxc4 29. Rc1 Qb4 30. Qe2 Qe7 31. Ne4 Bg7 32. Bh3 Bc8 33. Bxc8 Rxc8 34. Red1
Nxf4 35. gxf4 Qxh4+ 36. Kg2 Qxf4 37. Nf6+ Kh8 38. Qg4 Qxg4+ 39. Nxg4 h5 40. Nf6
Bh6 41. Rxc6 Rxc6 42. Rd8+ Bf8 43. Rxf8+ Kg7 44. Rg8+ Kh6 45. Kf3 Rc2 46. Rf8
Kg7 47. Rg8+ Kh6 48. Rf8 Kg7 1/2-1/2

[Event "4NCL Division 2b"]
[Site "Reading, ENG"]
[Date "2016.11.19"]
[Round "1.64"]
[White "Kalavannan, Koby"]
[Black "O'driscoll, Kieran"]
[Result "1/2-1/2"]
[WhiteElo "2131"]
[BlackElo "2109"]
[PlyCount "143"]
[EventDate "2016.11.19"]
[WhiteTeam "Cambridge University 1"]
[BlackTeam "White Rose 2"]

1. d4 d5 2. Nf3 c6 3. c4 Nf6 4. Nbd2 Bf5 5. Nh4 Bg6 6. Qb3 Qb6 7. Qh3 Nbd7 8.
Nxg6 fxg6 9. e3 O-O-O 10. c5 Qc7 11. Qe6 g5 12. Nf3 g4 13. Ne5 Re8 14. a4 Kb8
15. Nf7 Rg8 16. b4 g6 17. b5 Bg7 18. bxc6 Qxc6 19. Qxc6 bxc6 20. Ba6 Ka8 21.
Ng5 e5 22. Rb1 Rb8 23. Rxb8+ Rxb8 24. Ne6 Rb1 25. O-O Bh6 26. Ba3 Rxf1+ 27.
Kxf1 exd4 28. exd4 Kb8 29. Nd8 Kc7 30. Ne6+ Kb8 31. Bb4 Ne4 32. Ke2 Ng5 33. Nd8
Kc7 34. Ba5+ Nb6 35. Nb7 Ne6 36. Kd3 Bg7 37. cxb6+ axb6 38. Bc3 Bf6 39. a5 Be7
40. Bd2 Bf6 41. Bb4 Bxd4 42. Bd6+ Kd7 43. Bg3 bxa5 44. Nxa5 Bb6 45. Nb3 c5 46.
Nc1 c4+ 47. Kc2 Nd4+ 48. Kd1 Nf5 49. Ne2 Kc6 50. Bc8 Nxg3 51. fxg3 d4 52. Be6
Kc5 53. Bg8 d3 54. Nf4 Kd4 55. Bxh7 g5 56. Nxd3 cxd3 57. Bf5 Ke3 58. Bxg4 Kf2
59. Bf3 Bd8 60. Kd2 Kg1 61. h3 Kf2 62. g4 Kg3 63. Kxd3 Bc7 64. Ke4 Bf4 65. Kf5
Bc1 66. Kg6 Kh4 67. Kh6 Bd2 68. Be2 Bc1 69. Bf1 Bd2 70. g3+ Kxg3 71. Kh5 Bc1
72. Bd3 1/2-1/2

[Event "4NCL Division 2b"]
[Site "Reading, ENG"]
[Date "2016.11.19"]
[Round "1.65"]
[White "Sucikova, Svetlana"]
[Black "Lee, Richard W Y"]
[Result "1/2-1/2"]
[WhiteElo "2076"]
[BlackElo "2155"]
[PlyCount "79"]
[EventDate "2016.11.19"]
[WhiteTeam "White Rose 2"]
[BlackTeam "Cambridge University 1"]

1. c4 e6 2. Nc3 d5 3. d4 Nf6 4. Nf3 Be7 5. Bg5 h6 6. Bh4 O-O 7. e3 b6 8. Bd3
Bb7 9. O-O dxc4 10. Bxc4 Nbd7 11. Qe2 Ne4 12. Bxe7 Qxe7 13. Rfd1 c5 14. Rac1
Rfd8 15. Ba6 Nxc3 16. bxc3 Nf6 17. Ne5 Rac8 18. Bxb7 Qxb7 19. Qb5 Qe4 20. a4
Ng4 21. Nxg4 Qxg4 22. Qa6 Rc7 23. a5 bxa5 24. Qxa5 Rdc8 25. h3 Qg5 26. Ra1 cxd4
27. Qxg5 hxg5 28. cxd4 Rb7 29. d5 exd5 30. Rxd5 f6 31. Kf1 Rc2 32. Ke1 Rbb2 33.
Rf5 a5 34. Kf1 a4 35. g3 Ra2 36. Ra5 a3 37. Ra7 Kh7 38. Kg2 Kg6 39. g4 Kh6 40.
Ra6 1/2-1/2

[Event "4NCL Division 2b"]
[Site "Reading, ENG"]
[Date "2016.11.19"]
[Round "1.66"]
[White "Karayiannis, Costas"]
[Black "Lewyk, Ihor"]
[Result "1-0"]
[WhiteElo "2145"]
[BlackElo "2033"]
[PlyCount "113"]
[EventDate "2016.11.19"]
[WhiteTeam "Cambridge University 1"]
[BlackTeam "White Rose 2"]

1. d4 c5 2. d5 e5 3. c4 d6 4. Nc3 Be7 5. e4 Nf6 6. Bd3 O-O 7. h3 Nbd7 8. Nf3
Ne8 9. g4 g6 10. Bh6 Ng7 11. Qd2 a6 12. a4 Nf6 13. Ke2 Bd7 14. Nh2 Kh8 15. Rag1
Ng8 16. Nf3 f6 17. Bxg7+ Kxg7 18. Rg3 b5 19. cxb5 axb5 20. Bxb5 Bxb5+ 21. axb5
Qa5 22. h4 Qb4 23. h5 g5 24. Rb1 Ra5 25. Ne1 Rfa8 26. Nc2 Qb3 27. Ne3 Nh6 28.
Qd3 Ra1 29. Rgg1 Rxb1 30. Rxb1 Nf7 31. Qc4 Qb4 32. Kd3 Nd8 33. Nc2 Qxc4+ 34.
Kxc4 Nb7 35. Ne3 Bd8 36. Kd3 Kf7 37. Nc4 Ke7 38. b3 Ra7 39. Rb2 Ra1 40. Ra2
Rxa2 41. Nxa2 Kd7 42. f3 Ba5 43. Kc2 Kc7 44. Nc1 Kd7 45. Nd3 Kc7 46. Kb2 Bb4
47. Nf2 Kd7 48. Nd1 Ke7 49. Nde3 Kd7 50. Nf5 Be1 51. Ka3 Ba5 52. Ka4 Bd8 53. b6
Be7 54. Kb5 Bf8 55. Ka6 Kc8 56. Ka7 h6 57. Ka8 1-0

[Event "4NCL Division 2b"]
[Site "Reading, ENG"]
[Date "2016.11.19"]
[Round "1.67"]
[White "Huang, Siyuan"]
[Black "Stanisz, Patryk"]
[Result "0-1"]
[WhiteElo "2062"]
[BlackElo "2093"]
[PlyCount "100"]
[EventDate "2016.11.19"]
[WhiteTeam "White Rose 2"]
[BlackTeam "Cambridge University 1"]

1. e4 c5 2. Nf3 Nc6 3. d3 g6 4. g3 Bg7 5. Bg2 d6 6. O-O e6 7. c3 Nge7 8. Be3
O-O 9. Qd2 Re8 10. Bh6 Bh8 11. Re1 e5 12. Na3 d5 13. Qc2 d4 14. cxd4 cxd4 15.
Ng5 Bg7 16. Bxg7 Kxg7 17. f4 f6 18. Nf3 Ng8 19. Nc4 Qe7 20. a3 Bg4 21. Rf1 Rac8
22. Qd2 Qe6 23. fxe5 Bxf3 24. exf6+ Nxf6 25. Rxf3 Nxe4 26. Qf4 Nc5 27. Raf1 Rf8
28. Qd6 Rxf3 29. Bxf3 Qxd6 30. Nxd6 Rb8 31. Rd1 Ne5 32. Be4 Rd8 33. Nb5 Rd7 34.
Nxa7 Nxe4 35. dxe4 Nc4 36. Nb5 d3 37. b3 Ne5 38. Nc3 Rc7 39. Nd5 Rc2 40. Ne3
Re2 41. Nc4 Nf3+ 42. Kf1 Nxh2+ 43. Kg1 d2 44. Nb2 Kf6 45. b4 Ke5 46. a4 Kxe4
47. a5 Kf3 48. b5 Kxg3 49. Nd3 Rg2+ 50. Kh1 Nf3 0-1

[Event "4NCL Division 2b"]
[Site "Reading, ENG"]
[Date "2016.11.19"]
[Round "1.68"]
[White "Spencer, Carl J"]
[Black "Li, Harry"]
[Result "1/2-1/2"]
[WhiteElo "2126"]
[BlackElo "1986"]
[PlyCount "58"]
[EventDate "2016.11.19"]
[WhiteTeam "Cambridge University 1"]
[BlackTeam "White Rose 2"]

1. d4 d5 2. c4 c6 3. Nf3 Nf6 4. Nc3 e6 5. e3 Nbd7 6. Bd3 dxc4 7. Bxc4 b5 8. Bd3
a6 9. O-O c5 10. e4 c4 11. Bc2 Bb7 12. d5 Qc7 13. Qe2 Be7 14. dxe6 fxe6 15. Nd4
Nc5 16. e5 Nd5 17. Qh5+ Kd7 18. Rd1 g6 19. Nxe6 Nxe6 20. Qf3 Qxe5 21. Nxd5 Ke8
22. Nf6+ Qxf6 23. Qxb7 Kf7 24. Be3 Rhb8 25. Qf3 Qxf3 26. gxf3 Rd8 27. Be4 Rxd1+
28. Rxd1 Rd8 29. Rxd8 Bxd8 1/2-1/2

[Event "4NCL Division 2b"]
[Site "Reading, ENG"]
[Date "2016.11.19"]
[Round "1.71"]
[White "Pitcher, John"]
[Black "Greet, Andrew N"]
[Result "1-0"]
[WhiteElo "2222"]
[BlackElo "2464"]
[PlyCount "101"]
[EventDate "2016.11.19"]
[WhiteTeam "Warwickshire Select 1"]
[BlackTeam "Alba"]

1. e4 e6 2. d3 d5 3. Nd2 c5 4. Ngf3 Nc6 5. g3 Bd6 6. Bg2 Nge7 7. O-O O-O 8. Nh4
g5 9. Nhf3 h6 10. c3 f5 11. exd5 Nxd5 12. Nc4 Be7 13. Nfe5 Nxe5 14. Nxe5 Bf6
15. Qe2 Bg7 16. Bd2 a5 17. c4 Ne7 18. Bc3 Ra6 19. Rad1 Rd6 20. f4 g4 21. Qe3
Qc7 22. Rf2 Rfd8 23. Rfd2 Rd4 24. Bxd4 Rxd4 25. Re1 h5 26. h4 Bf6 27. Kh2 Kg7
28. a3 Qb6 29. Rde2 Qd8 30. Rb1 Ng6 31. Nxg6 Kxg6 32. Qf2 Qd6 33. Rd1 Qc7 34.
Qe1 Qd6 35. Qxa5 b6 36. Qe1 Kf7 37. Re3 Bd7 38. b4 Bg7 39. bxc5 bxc5 40. Rb1
Bh6 41. Kh1 Kf6 42. Qa5 Qe7 43. Qc7 Kf7 44. Bd5 Rxd3 45. Rxd3 exd5 46. cxd5 Bg7
47. Rd2 Kg6 48. Kh2 Bf6 49. Rb6 Qe3 50. Rxf6+ Kxf6 51. Qd8+ 1-0

[Event "4NCL Division 2b"]
[Site "Reading, ENG"]
[Date "2016.11.19"]
[Round "1.72"]
[White "Shaw, John"]
[Black "Mason, Donald J"]
[Result "1/2-1/2"]
[WhiteElo "2449"]
[BlackElo "2157"]
[PlyCount "79"]
[EventDate "2016.11.19"]
[WhiteTeam "Alba"]
[BlackTeam "Warwickshire Select 1"]

1. e4 e5 2. Nc3 Nf6 3. f4 d5 4. exd5 exf4 5. d4 Nxd5 6. Nxd5 Qxd5 7. Bxf4 Bd6
8. Bxd6 Qxd6 9. Nf3 O-O 10. Qd2 Re8+ 11. Be2 Nd7 12. O-O-O Nf6 13. Ne5 Be6 14.
c4 c5 15. Bf3 Rad8 16. dxc5 Qc7 17. Qc3 Bf5 18. Rxd8 Rxd8 19. Re1 h5 20. Qb4
Nd7 21. Qc3 Nxc5 22. Bd5 Be6 23. Bxe6 Nxe6 24. b3 Qd6 25. Nf3 Nf4 26. Kb1 Nxg2
27. Rg1 Qd3+ 28. Qxd3 Rxd3 29. Rxg2 Rxf3 30. c5 f6 31. Rd2 Rc3 32. Rd5 h4 33.
Kb2 Re3 34. b4 Re2+ 35. Kb3 Rxh2 36. b5 Rh1 37. Kb2 Rh2+ 38. Kb3 Rh1 39. Kb2
Rh2+ 40. Kb3 1/2-1/2

[Event "4NCL Division 2b"]
[Site "Reading, ENG"]
[Date "2016.11.19"]
[Round "1.73"]
[White "Brooks, Phil J"]
[Black "Sreeves, Clement"]
[Result "0-1"]
[WhiteElo "2163"]
[BlackElo "2356"]
[PlyCount "74"]
[EventDate "2016.11.19"]
[WhiteTeam "Warwickshire Select 1"]
[BlackTeam "Alba"]

1. d4 Nf6 2. c4 g6 3. Nc3 d5 4. Bg5 Ne4 5. Bh4 Nxc3 6. bxc3 dxc4 7. e3 Be6 8.
Nf3 Bg7 9. Be2 O-O 10. O-O c5 11. Qc2 Nc6 12. Rfd1 cxd4 13. cxd4 Nb4 14. Qb2 a5
15. a3 Nd5 16. Bg3 b5 17. Rac1 Qe8 18. Ng5 Bd7 19. Bf3 e6 20. Bd6 Ra6 21. Bxf8
Bxf8 22. Ne4 Qc8 23. Nc3 Nxc3 24. Qxc3 Qc7 25. Rc2 Bc6 26. Bxc6 Rxc6 27. Rb1 b4
28. axb4 axb4 29. Rxb4 Bxb4 30. Qxb4 Rb6 31. Qe1 c3 32. g3 Rb3 33. e4 Qc4 34.
d5 Qd3 35. Qe2 Qxe2 36. Rxe2 Rb2 37. Kf1 c2 0-1

[Event "4NCL Division 2b"]
[Site "Reading, ENG"]
[Date "2016.11.19"]
[Round "1.74"]
[White "McKay, Roderick M"]
[Black "Shephard, Chris C W"]
[Result "1/2-1/2"]
[WhiteElo "2346"]
[BlackElo "2179"]
[PlyCount "64"]
[EventDate "2016.11.19"]
[WhiteTeam "Alba"]
[BlackTeam "Warwickshire Select 1"]

1. d3 d5 2. f4 g6 3. Nf3 Bg7 4. c3 Nf6 5. Qc2 O-O 6. e4 dxe4 7. dxe4 c5 8. Na3
Nc6 9. Bb5 Qc7 10. e5 Nd5 11. Qf2 Na5 12. O-O a6 13. Be2 Bg4 14. Qh4 Bxf3 15.
Rxf3 e6 16. Rh3 h6 17. f5 Qxe5 18. Bxh6 Bxh6 19. Qxh6 Qg7 20. Qd2 Rad8 21. fxg6
fxg6 22. Rg3 Nf4 23. Qe3 Rd5 24. Bf1 Qe5 25. Re1 Qf6 26. Rg4 Rf5 27. Qc1 g5 28.
g3 Ng6 29. Bg2 Ne5 30. Rge4 Nd3 31. Qe3 Nxe1 32. Qxe1 e5 1/2-1/2

[Event "4NCL Division 2b"]
[Site "Reading, ENG"]
[Date "2016.11.19"]
[Round "1.75"]
[White "Baruch, Andrew J D"]
[Black "Berry, Neil"]
[Result "1/2-1/2"]
[WhiteElo "2092"]
[BlackElo "2299"]
[PlyCount "81"]
[EventDate "2016.11.19"]
[WhiteTeam "Warwickshire Select 1"]
[BlackTeam "Alba"]

1. g3 e5 2. c4 Nf6 3. Bg2 c6 4. d4 e4 5. Bg5 d5 6. Nc3 Nbd7 7. cxd5 cxd5 8. f3
h6 9. Bf4 Bb4 10. Qb3 Qb6 11. Rd1 O-O 12. Nh3 exf3 13. exf3 Re8+ 14. Kf2 Nc5
15. dxc5 Qxc5+ 16. Kf1 b6 17. Nf2 Ba6+ 18. Nd3 Qd4 19. Ne2 Rxe2 20. Qxb4 Rf2+
21. Kg1 Rf1+ 22. Kxf1 Qxb4 23. Kf2 Bxd3 24. Rxd3 Rc8 25. Rhd1 Rc2+ 26. R3d2
Qxb2 27. Rxc2 Qxc2+ 28. Rd2 Qc3 29. Be3 b5 30. Bh3 b4 31. Bf5 g6 32. Bc2 d4 33.
Bxh6 Nd5 34. Bb3 Ne3 35. Re2 Nf5 36. Rc2 Nxh6 37. Rxc3 dxc3 38. g4 Kf8 39. Ke3
f5 40. h3 Nf7 41. gxf5 1/2-1/2

[Event "4NCL Division 2b"]
[Site "Reading, ENG"]
[Date "2016.11.19"]
[Round "1.76"]
[White "Findlay David John"]
[Black "Fallowfield, Jeremy R"]
[Result "1-0"]
[WhiteElo "2179"]
[BlackElo "2170"]
[PlyCount "63"]
[EventDate "2016.11.19"]
[WhiteTeam "Alba"]
[BlackTeam "Warwickshire Select 1"]

1. e4 c5 2. Nf3 d6 3. d4 cxd4 4. Nxd4 Nf6 5. Nc3 a6 6. f4 Qc7 7. Bd3 g6 8. O-O
Bg7 9. Nf3 Nbd7 10. Qe1 b5 11. e5 dxe5 12. fxe5 Ng4 13. e6 fxe6 14. Qh4 Nde5
15. Nxe5 Nxe5 16. Ne4 Nxd3 17. cxd3 Bb7 18. a4 Rd8 19. axb5 axb5 20. Bh6 Bd4+
21. Kh1 Qe5 22. Rae1 Qh5 23. Qf4 g5 24. Bxg5 e5 25. Nf6+ exf6 26. Qxf6 Kd7 27.
Qe7+ Kc8 28. Rc1+ Kb8 29. Qc7+ Ka8 30. Ra1+ Ba7 31. Rxa7+ Kxa7 32. Ra1# 1-0

[Event "4NCL Division 2b"]
[Site "Reading, ENG"]
[Date "2016.11.19"]
[Round "1.77"]
[White "Hunt, Malcolm A"]
[Black "Grassie, Duncan"]
[Result "1/2-1/2"]
[WhiteElo "2054"]
[BlackElo "2092"]
[PlyCount "95"]
[EventDate "2016.11.19"]
[WhiteTeam "Warwickshire Select 1"]
[BlackTeam "Alba"]

1. d4 Nf6 2. Bf4 c5 3. e3 e6 4. Nf3 Nc6 5. c3 b6 6. Nbd2 Bb7 7. Bd3 Be7 8. h3
d5 9. Ne5 Nxe5 10. dxe5 Ne4 11. Nxe4 dxe4 12. Qa4+ Kf8 13. Bxe4 Qc7 14. O-O h5
15. Rfd1 b5 16. Qc2 g5 17. Bg3 Rg8 18. Bxb7 Qxb7 19. Qe2 g4 20. h4 c4 21. Rd2
Rd8 22. Rad1 Kg7 23. Rxd8 Rxd8 24. Rxd8 Bxd8 25. Qd2 Bb6 26. Qd6 a5 27. Bf4 Qc7
28. Qd2 Qd8 29. Qxd8 Bxd8 30. Bg3 b4 31. Kf1 Kg6 32. e4 f6 33. Ke2 fxe5 34.
cxb4 axb4 35. a4 b3 36. Bxe5 Bxh4 37. g3 Bd8 38. Bc3 h4 39. gxh4 Kh5 40. a5
Kxh4 41. a6 Bb6 42. Kd1 Kh3 43. Be1 Kg2 44. Kd2 Bd4 45. Ke2 e5 46. Bc3 Bxf2 47.
Bxe5 g3 48. Kd2 1/2-1/2

[Event "4NCL Division 2b"]
[Site "Reading, ENG"]
[Date "2016.11.19"]
[Round "1.78"]
[White "Bamber, Elaine"]
[Black "Kearney, James"]
[Result "1-0"]
[WhiteElo "2065"]
[BlackElo "1700"]
[PlyCount "99"]
[EventDate "2016.11.19"]
[WhiteTeam "Alba"]
[BlackTeam "Warwickshire Select 1"]

1. e4 e5 2. Nf3 Nc6 3. d4 exd4 4. Nxd4 Bc5 5. Be3 Qf6 6. c3 Nge7 7. Qd2 a6 8.
f4 d6 9. Bc4 O-O 10. O-O b5 11. Nxc6 Bxe3+ 12. Qxe3 bxc4 13. Na5 d5 14. exd5
Nxd5 15. Qf2 Nb6 16. Nd2 Bf5 17. Qc5 Bd3 18. Rf3 Qd6 19. Qxd6 cxd6 20. Re1 Rfe8
21. Rfe3 Kf8 22. g3 d5 23. Nc6 Rxe3 24. Rxe3 f5 25. Nf3 Be4 26. Nfe5 a5 27. Re2
a4 28. a3 Nc8 29. Kf2 Nd6 30. Ke3 Nb5 31. Rd2 Nc7 32. Nb4 Rd8 33. Nxc4 Ne6 34.
Nb6 Nc5 35. N6xd5 Nb3 36. Rd1 Kf7 37. Kf2 Na5 38. Ne3 Rxd1 39. Nxd1 Nc4 40. Ke2
Ke6 41. Nd3 Kd6 42. Ne3 Na5 43. Ne5 Ke6 44. Nf1 Nb7 45. c4 Bg2 46. Ne3 Be4 47.
Kd2 Na5 48. Kc3 Nc6 49. Nxc6 Bxc6 50. Kb4 1-0